000 00435nam a2200181Ia 4500
001 5241
005 20260306145854.0
008 260306t2007||||xx |||||||||||||| ||spa||
041 _aESP
082 _a338.4791
_bA78
100 _aArteaga Mendoza, Elida Luz
_eAUT
245 0 _aTurismo competitivo en Arequipa
260 _c2007
300 _a198 páginas :
_c23 cm.
650 _aGEN
654 _aCAN
942 _cLIB
_dJUS
_fJUS
_2ddc
_n
999 _c5241
_d5241